000 00799nam a2200217 a 4500
001 38377
003 BD-RjUL
005 20211209052802.0
008 151121s1964 bg ||||| |||| 00| 0 ben d
035 _a(BD-RjUL)38482
040 _aBD-RjUL
_beng
_cBD-RjUL
_dBD-RjUL
041 _aben
082 _223
_a891.443
_bAZK 1964
100 _aআজাদ, আলাউদ্দিন আল
_9118580
245 _aক্ষুধা ও আশা /
_cআলাউদ্দিন আল আজাদ
260 _aঢাকা :
_bলেখক সংঘ প্রকাশনী,
_c১৯৬৪
300 _a২৪১ পৃ. ;
_c২২ সেমি.
650 _aবাংলা সাহিত্য
_vউপন্যাস
_9116625
650 _aBengali literature
_vNovel
_9116586
942 _2ddc
_cBK
_02
999 _c38377
_d38377